| Tag |
First Indicator |
Second Indicator |
Subfields |
| LEADER |
00000cam a22000001a 4500 |
| 001 |
in00003333930 |
| 006 |
m d f |
| 007 |
cr bn mmmapmmp |
| 008 |
110909s2005 dcu ob f000 0 eng d |
| 005 |
20260511183932.8 |
| 035 |
|
|
|a chdc200500977
|
| 040 |
|
|
|a ProQuest
|c ProQuest
|d UtOrBLW
|
| 043 |
|
|
|a n-us---
|
| 074 |
|
|
|a 1041-A
|
| 074 |
|
|
|a 1041-A (online)
|
| 074 |
|
|
|a 1041-B (MF)
|
| 074 |
|
|
|a 1041-B (online)
|
| 099 |
|
|
|a HRG-2002-CST-0118
|
| 110 |
1 |
|
|a United States.
|b Congress.
|b Senate.
|b Committee on Commerce, Science, and Transportation.
|b Subcommittee on Science, Technology, and Space.
|
| 245 |
1 |
0 |
|a Women in science and technology :
|b hearing before the Subcommittee on Science, Technology, and Space of the Committee on Commerce, Science, and Transportation, United States Senate, One Hundred Seventh Congress, second session, July 24, 2002.
|
| 264 |
|
1 |
|a Washington :
|b U.S. G.P.O. :
|c 2005.
|
| 264 |
|
2 |
|a Washington :
|b For sale by the Supt. of Docs., U.S. G.P.O.,
|
| 300 |
|
|
|a 1 online resource.
|
| 336 |
|
|
|a text
|b txt
|2 rdacontent
|
| 337 |
|
|
|a computer
|b c
|2 rdamedia
|
| 338 |
|
|
|a online resource
|b cr
|2 rdacarrier
|
| 490 |
1 |
|
|a S. hrg. ;
|v 107-1125
|
| 500 |
|
|
|a "Printed for the use of the Committee on Commerce, Science, and Transportation."
|
| 500 |
|
|
|a Distributed to some depository libraries in microfiche.
|
| 500 |
|
|
|a Shipping list number: 2005-0175-P.
|
| 530 |
|
|
|a Also available via Internet from the GPO Access web site. Addresses as of 7/14/05: http://frwebgate.access.gpo.gov/cgi-bin/getdoc.cgi?dbname=107%5Fsenate%5Fhearings&docid=f:91728.wais (text version), http://frwebgate.access.gpo.gov/cgi-bin/getdoc.cgi?dbname=107%5Fsenate%5Fhearings&docid=f:91728.pdf (PDF version); current access is available via PURLs.
|
| 504 |
|
|
|a Includes bibliographical references.
|
| 500 |
|
|
|a Reuse of record except for individual research requires license from ProQuest, LLC.
|
| 500 |
|
|
|a Electronic resource.
|
| 538 |
|
|
|a System requirements: PDF reader software.
|
| 650 |
|
0 |
|a Women in science
|z United States.
|
| 650 |
|
0 |
|a Women in technology
|z United States.
|
| 650 |
|
0 |
|a Women in engineering
|z United States.
|
| 650 |
|
0 |
|a Sex discrimination in education
|z United States.
|
| 650 |
|
0 |
|a Sex discrimination in employment
|z United States.
|
| 655 |
|
7 |
|a Electronic books.
|2 local
|
| 710 |
2 |
|
|a ProQuest (Firm)
|
| 776 |
0 |
8 |
|i Print version:
|a United States.Congress.Senate.Committee on Commerce, Science, and Transportation.Subcommittee on Science, Technology, and Space.
|t Women in science and technology
|w (DLC)2005410440
|w (OCoLC)ocm60579107
|z 016074699X
|
| 776 |
0 |
8 |
|i Microfiche version:
|a United States.Congress.Senate.Committee on Commerce, Science, and Transportation.Subcommittee on Science, Technology, and Space.
|t Women in science and technology
|d [Bethesda, Md.] : ProQuest LLC, [2004]
|o CIS 2005 S261-37
|w (ProQuest)cis00501971
|
| 810 |
1 |
|
|a United States.
|b Congress.
|b Senate.
|t S. hrg. ;
|v 107-1125.
|
| 830 |
|
0 |
|a U.S. Congressional Hearings.
|
| 856 |
4 |
0 |
|u http://proxy.library.tamu.edu/login?url=https://congressional.proquest.com/congcomp/getdoc?HEARING-ID=HRG-2002-CST-0118
|z Connect to the full text of this electronic book
|t 0
|
| 998 |
|
|
|a cis00501971
|
| 999 |
|
|
|a MARS
|
| 999 |
f |
f |
|s a7c4bfb1-c9e5-3d2c-9510-1aa0b1ad8a16
|i 67cafc18-97cb-30e6-b4a0-3e1da1a27d04
|t 0
|
| 952 |
f |
f |
|a Texas A&M University
|b College Station
|c Electronic Resources
|s www_evans
|d Available Online
|t 0
|e HRG-2002-CST-0118
|h Other scheme
|
| 998 |
f |
f |
|a HRG-2002-CST-0118
|t 0
|l Available Online
|